|
|
|
|
| LEADER |
01414nam a2200397Ia 4500 |
| 001 |
EBC996351 |
| 003 |
MiAaPQ |
| 005 |
20200520144314.0 |
| 006 |
m o d | |
| 007 |
cr cn||||||||| |
| 008 |
000404s2001 caua sb 001 0 eng d |
| 010 |
|
|
|z 00008947
|
| 020 |
|
|
|z 0761913386
|
| 020 |
|
|
|z 9780761913382
|
| 020 |
|
|
|z 9781452221922
|
| 035 |
|
|
|a (MiAaPQ)EBC996351
|
| 035 |
|
|
|a (Au-PeEL)EBL996351
|
| 035 |
|
|
|a (CaPaEBR)ebr10581835
|
| 035 |
|
|
|a (CaONFJC)MIL672550
|
| 035 |
|
|
|a (OCoLC)809771765
|
| 040 |
|
|
|a MiAaPQ
|c MiAaPQ
|d MiAaPQ
|
| 050 |
|
4 |
|a HM623
|b .G36 2001
|
| 082 |
0 |
4 |
|a 306/.07
|2 21
|
| 100 |
1 |
|
|a Gannon, Martin J.
|
| 245 |
1 |
0 |
|a Working across cultures
|h [electronic resource] :
|b applications and exercises /
|c Martin J. Gannon.
|
| 260 |
|
|
|a Thousand Oaks, Calif. :
|b Sage Publications,
|c c2001.
|
| 300 |
|
|
|a viii, 143 p. :
|b ill.
|
| 504 |
|
|
|a Includes bibliographical references (p. 134-136) and index.
|
| 533 |
|
|
|a Electronic reproduction. Ann Arbor, MI : ProQuest, 2015. Available via World Wide Web. Access may be limited to ProQuest affiliated libraries.
|
| 650 |
|
0 |
|a Culture
|x Research.
|
| 650 |
|
0 |
|a Culture
|x Study and teaching.
|
| 650 |
|
0 |
|a Cross-cultural orientation.
|
| 650 |
|
0 |
|a Social problems.
|
| 655 |
|
4 |
|a Electronic books.
|
| 710 |
2 |
|
|a ProQuest (Firm)
|
| 856 |
4 |
0 |
|u https://ebookcentral.proquest.com/lib/matrademy/detail.action?docID=996351
|z Click to View
|